Представление документа в формате RUSMARC

ПолеНазваниеЗначение
  Тип записи a
  Библиографический уровень m
001 Контрольный номер UONB/MAIN/0ffd5bcb71894cedaaaebfc8d7366849
005 Дата корректировки 20260513152102.9
010 Индекс ISBN __
9 Тираж 1000 экз.
100 Данные общей обработки __
a Данные общей обработки 20260513d1975 u u0rusy0189 ca
101 Язык документа 0_
a Язык текста rus
102 Страна публикации __
a Страна публикации RU
105 Кодированные данные (монография) __
a Кодированные данные (монография) a z 001yy
200 Заглавие и сведения об ответственности 1_
a Заглавие Вып. 3
e Сведения, относящиеся к заглавию тематический отраслевой сборник
210 Выходные данные 1_
d Дата издания 1975
215 Физическое описание __
a Объем 190 с.
c Иллюстрации/тип воспроизводства ил.
320 Библиография __
a Библиография Библиогр. в конце ст.
461 Уровень набора _0
1 2001
a Производство листа
e сборник статей
f Министерство черной металлургии СССР, Донецкий научно-исследовательский институт черной металлургии
g редакторы К. Н. Ткалич [и др.]
v Вып. 3
1 2101
a Москва
c Металлургия
d 1972-1976
1 001UONB/MAIN/89534a90b5e14e7a952ce8a6a5b8eed3
1 203
a Текст
b визуальный
c непосредственный
1 215
d 20 см
606 Тематические рубрики 0_
a Основная рубрика Листопрокатное производство
j Формальный подзаголовок Сборники
610 Ключевые слова 0_
a Ключевые слова листопрокатное производство
675 Индекс УДК __
a Индекс УДК 6П4.226
686 Индексы других классификаций __
2 Код системы rubbk
a Классификационный индекс 34.621
801 Источник записи _0
a Страна RU
b Организация Ульяновская ОНБ
c Дата составления 20260513
g Правила каталогизации RCR
801 Источник записи _1
a Страна RU
b Организация Ульяновская ОНБ
c Дата составления 20260513
g Правила каталогизации RCR
901 Тип документа __
t Тип документа n
w Контрольный № источника UONB/MAIN/89534a90b5e14e7a952ce8a6a5b8eed3
909 Создатель записи __
a Создатель записи Горбункова
b Дата создания записи 20260513